[Event "Mark it Zero"]
[Site "SchemingMind.com"]
[Date "2009.09.14"]
[Round "-"]
[White "jl1234"]
[Black "R.Leydon"]
[Result "1-0"]
[WhiteCountry "POL"]
[BlackCountry "IRL"]
[WhiteElo "1835"]
[WhiteRD "73"]
[BlackElo "1512"]
[BlackRD "77"]
[GameID "219171"]

1. e4 e5 2. Nf3 Nc6 3. Bc4 Bc5 4. d3 Nf6 5. a3 O-O 6. h3 h6 7. Bd2 a6 8. Nc3 d6 9. O-O b5 10. Ba2 Nd4
11. Nxd4 Bxd4 12. Rb1 Bb7 13. Ne2 Bc5 14. Ng3 Bc8 15. Qf3 a5 16. Nf5 Bxf5 17. Qxf5 Qd7 18. Qf3 b4 19. axb4 axb4 20. Bb3 c6
21. Qg3 g5 22. Bxg5 Nh5 23. Qh4 hxg5 24. Qxh5 Qe7 25. Qh6 Rad8 26. Ra1 Bd4 27. Ra2 c5 28. Rfa1 c4 29. Bxc4 Bc5 30. Bd5 Rde8
31. g3 Rd8 32. Kg2 Rde8 33. Rh1 Bb6 34. h4 Bd8 35. hxg5
1-0

[Event "Mark it Zero"]
[Site "SchemingMind.com"]
[Date "2009.09.14"]
[Round "-"]
[White "R.Leydon"]
[Black "jl1234"]
[Result "0-1"]
[WhiteCountry "IRL"]
[BlackCountry "POL"]
[WhiteElo "1512"]
[WhiteRD "77"]
[BlackElo "1835"]
[BlackRD "73"]
[GameID "219176"]

1. d4 c5 2. d5 e6 3. e4 exd5 4. exd5 d6 5. Nf3 h6 6. h3 Nf6 7. Qd3 Bd7 8. b3 Na6 9. Bd2 Nc7 10. c4 Be7
11. Nc3 O-O 12. O-O-O a6 13. a4 Rb8 14. Rg1 Nh7 15. g4 Bf6 16. Re1 Re8 17. h4 b5 18. g5 Rxe1+ 19. Nxe1 hxg5 20. h5 Qe8
21. Ne4 bxc4 22. Qxc4 Bd4 23. Qd3 Nxd5 24. Nxg5 Nxg5 25. Rxg5 Nf4 26. Qg3 Ne6 27. Rd5 Be5 28. Qd3 Bc6 29. Nf3 Nf4 30. Bxf4 Bxf4+
31. Kc2 Bxa4 32. Ng5 Bxb3+ 33. Qxb3 Rxb3 34. Kxb3 Qb8+ 35. Kc3 Qb4+ 36. Kc2 Qe1 37. Bd3 Qc1+ 38. Kb3 Bxg5 39. Rxd6 Bf6 40. Be4 Qc3+
0-1

[Event "Mark it Zero"]
[Site "SchemingMind.com"]
[Date "2009.09.13"]
[Round "-"]
[White "Wojciech"]
[Black "Erik Johnson"]
[Result "1-0"]
[WhiteCountry "POL"]
[BlackCountry "USA"]
[WhiteElo "1812"]
[WhiteRD "109"]
[BlackElo "1717"]
[BlackRD "75"]
[GameID "219543"]

1. d4 Nf6 2. c4 g6 3. Nc3 Bg7 4. Nf3 d5 5. Bg5 dxc4 6. e3 O-O 7. Bxc4 Nc6 8. O-O e6 9. a3 Qd7 10. Qc2 b6
11. Rac1 Bb7 12. Bb5 a6 13. Bxc6 Qxc6 14. Ne2 Qxc2 15. Rxc2 Rac8 16. Rfc1 h6 17. Bxf6 Bxf6 18. Rxc7 Rxc7 19. Rxc7 Rb8 20. Nd2 b5
21. Nb3 Bd5 22. Nc5 Ra8 23. Nf4 Ba2 24. Rc6 a5 25. Rb6 b4 26. axb4 axb4 27. Rxb4 Be7 28. Ra4 Rxa4 29. Nxa4 Kg7 30. Kf1 Bc4+
31. Ke1 Bb4+ 32. Nc3 g5 33. Ne2 f5 34. Kd2 Kf6 35. Kc2 h5 36. b3 Ba6 37. Nc1 h4 38. N1a2 Bd6 39. g3 hxg3 40. hxg3 Bb7
41. b4 f4 42. gxf4 gxf4 43. b5 fxe3 44. fxe3 Kf5 45. Kd3 e5 46. d5 Bc5 47. Ne4 Bxe3 48. Nd6+ Kf6 49. Nxb7 Bd4 50. Nb4 Ke7
51. Nc6+ Kd7 52. Nxd4
1-0

[Event "Mark it Zero"]
[Site "SchemingMind.com"]
[Date "2009.09.13"]
[Round "-"]
[White "Erik Johnson"]
[Black "Wojciech"]
[Result "1-0"]
[WhiteCountry "USA"]
[BlackCountry "POL"]
[WhiteElo "1717"]
[WhiteRD "75"]
[BlackElo "1812"]
[BlackRD "109"]
[GameID "219548"]

1. e4 c5 2. c3 d6 3. d4 cxd4 4. cxd4 g6 5. Nf3 Bg7 6. Be2 Nf6 7. Nc3 O-O 8. O-O Bg4 9. Ng5 Bxe2 10. Qxe2 Nc6
11. Be3 Nd7 12. Rad1 e5 13. d5 Nd4 14. Qd2 Nb6 15. b3 f5 16. Ne2 Nxe2+ 17. Qxe2 Qf6 18. Ne6 Rfc8 19. f3 f4 20. Bc1 Rc3
21. Bb2 Rac8 22. Bxc3 Rxc3 23. Qd2 Rc8 24. Rc1 Re8 25. Rc7 Re7 26. Rfc1
1-0

[Event "Mark it Zero"]
[Site "SchemingMind.com"]
[Date "2009.09.16"]
[Round "-"]
[White "echecs"]
[Black "Clive Everill"]
[Result "1-0"]
[WhiteCountry "ENG"]
[BlackCountry "CZE"]
[WhiteElo "1816"]
[WhiteRD "58"]
[BlackElo "1659"]
[BlackRD "48"]
[GameID "220046"]

1. e4 c6 2. d4 d5 3. Nc3 g6 4. Nf3 Bg7 5. e5 Bg4 6. Be2 e6 7. h3 Bxf3 8. Bxf3 a6 9. O-O Ne7 10. Bg5 O-O
11. Qd2 f6 12. exf6 Bxf6 13. Bg4 e5 14. dxe5 Bxe5 15. Be6+ Kh8 16. Rae1 Bg7 17. Bh6 Bxh6 18. Qxh6 Nf5 19. Qf4 Qf6 20. Qb4 b5
21. Re2 Nd4 22. Re5 Nxc2 23. Qd6 Nd4 24. Ne4 Ne2+ 25. Kh2 Qf4+ 26. g3 Qf3 27. Ng5 Qf6 28. Rxe2 Nd7 29. Nxh7 Kxh7 30. Qxd7+ Kh6
31. Qxc6 d4 32. Bd5 Qd8 33. Qc1+ Kg7 34. Bxa8 Qxa8 35. Re7+
1-0

[Event "Mark it Zero"]
[Site "SchemingMind.com"]
[Date "2009.09.16"]
[Round "-"]
[White "Clive Everill"]
[Black "echecs"]
[Result "1-0"]
[WhiteCountry "CZE"]
[BlackCountry "ENG"]
[WhiteElo "1659"]
[WhiteRD "48"]
[BlackElo "1816"]
[BlackRD "58"]
[GameID "220049"]

1. c4 c5 2. Nf3 Nf6 3. Nc3 Nc6 4. d4 cxd4 5. Nxd4 d5 6. cxd5 Nxd5 7. Nxc6 bxc6 8. Bd2 e6 9. e4 Nf6 10. Qc2 Be7
11. Rd1 O-O 12. Bc4 Qc7 13. O-O Ng4 14. g3 Qe5 15. Bf4 Qh5 16. f3 Nxh2 17. Qxh2 Qc5+ 18. Kh1 Qxc4 19. Kg2 Bb4 20. Rh1 h6
21. Bxh6 Bxc3 22. Be3 f6 23. Qh7+ Kf7 24. Qh5+ Kg8 25. Qg6 Bxb2 26. Rh7 f5 27. Rdh1
1-0

[Event "Mark it Zero"]
[Site "SchemingMind.com"]
[Date "2009.09.29"]
[Round "-"]
[White "MrPerry"]
[Black "mark74"]
[Result "1-0"]
[WhiteCountry "USA"]
[BlackCountry "USA"]
[WhiteElo "1850"]
[WhiteRD "82"]
[BlackElo "1573"]
[BlackRD "90"]
[GameID "221373"]

1. b3 d5 2. Bb2 Nf6 3. Nf3 e6 4. e3 c5 5. c4 Nc6 6. g3 Be7 7. cxd5 exd5 8. Be2 O-O 9. O-O b6 10. d4 Bb7
11. dxc5 Bxc5 12. Nd4 Bxd4 13. Bxd4 Qd7 14. Bb5 a6 15. Bxc6 Qxc6 16. Nd2 Rfe8 17. Rc1 Qe6 18. Rc7 Bc6 19. Qc2 Rec8 20. Rxc8+ Rxc8
21. Rc1 Ne4 22. Nxe4 dxe4 23. Qb2 f6 24. Bxb6 Bb5 25. Rxc8+ Qxc8 26. a4
1-0

[Event "Mark it Zero"]
[Site "SchemingMind.com"]
[Date "2009.09.28"]
[Round "-"]
[White "mark74"]
[Black "MrPerry"]
[Result "0-1"]
[WhiteCountry "USA"]
[BlackCountry "USA"]
[WhiteElo "1573"]
[WhiteRD "90"]
[BlackElo "1850"]
[BlackRD "82"]
[GameID "221376"]

1. e4 b6 2. d4 Bb7 3. Bd3 Nf6 4. Qe2 e6 5. Nf3 d5 6. Nc3 Bb4 7. exd5 Qxd5 8. Bd2 Bxc3 9. Bxc3 O-O 10. O-O Ne4
11. Ne5 Nxc3 12. bxc3 Qxg2#
0-1

[Event "Mark it Zero"]
[Site "SchemingMind.com"]
[Date "2009.10.09"]
[Round "-"]
[White "Teagy"]
[Black "simon_w"]
[Result "1/2-1/2"]
[WhiteCountry "ENG"]
[BlackCountry "IRL"]
[WhiteElo "1814"]
[WhiteRD "73"]
[BlackElo "1901"]
[BlackRD "70"]
[GameID "222086"]

1. e4 c5 2. Nc3 Nc6 3. d3 g6 4. g3 Bg7 5. Bg2 d6 6. f4 e6 7. Nf3 Nge7 8. O-O O-O 9. Be3 b6 10. Rb1 Nd4
11. Ne2 Nxe2+ 12. Qxe2 Bb7 13. g4 Qd7 14. Nh4 f5 15. c3 a5 16. Rbe1 Rae8 17. Rf2 fxg4 18. Qxg4 d5 19. Ref1 Bc8 20. Bh3 dxe4
21. dxe4 Qd3 22. Qf3 g5 23. Rd1 Qb5 24. Ng2 gxf4 25. Bc1 e5 26. Bxc8 Rxc8 27. Qd3 Qxd3 28. Rxd3 Rc6 29. Nh4 h5 30. Nf3 Rg6+
31. Rg2=
1/2-1/2

[Event "Mark it Zero"]
[Site "SchemingMind.com"]
[Date "2009.10.09"]
[Round "-"]
[White "simon_w"]
[Black "Teagy"]
[Result "1/2-1/2"]
[WhiteCountry "IRL"]
[BlackCountry "ENG"]
[WhiteElo "1901"]
[WhiteRD "70"]
[BlackElo "1814"]
[BlackRD "73"]
[GameID "222088"]

1. e4 e6 2. d4 d5 3. Nd2 Be7 4. Bd3 c5 5. dxc5 Nd7 6. exd5 exd5 7. b4 Ngf6 8. Ngf3 O-O 9. O-O a5 10. a3 axb4
11. a4 Nxc5 12. Bb5 Nfe4 13. Nxe4 Nxe4 14. Re1 Nc3 15. Qd4 Nxb5 16. axb5 Rxa1 17. Qxa1 Bc5 18. Be3 b6 19. Nd4 Be6 20. Nxe6 fxe6
21. Qe5 Bxe3 22. Qxe3 Rf6 23. Qd4 Qd6 24. Rb1 Rf4=
1/2-1/2

[Event "Mark it Zero"]
[Site "SchemingMind.com"]
[Date "2009.10.08"]
[Round "-"]
[White "Quaff"]
[Black "andu"]
[Result "0-1"]
[WhiteCountry "ENG"]
[BlackCountry "AUT"]
[WhiteElo "1595"]
[WhiteRD "83"]
[BlackElo "2029"]
[BlackRD "49"]
[GameID "222453"]

1. e4 c5 2. f4 d5 3. e5 Nc6 4. Bb5 Qb6 5. Bxc6+ Qxc6 6. d3 Bf5 7. Nf3 e6 8. O-O Be7 9. h3 h5 10. a4 Nh6
11. Nc3 Bg6 12. b3 Nf5 13. Qe1 O-O 14. Ne2 h4 15. c4 Rfd8 16. Qc3 dxc4 17. dxc4 Qe4 18. Re1 Rd3 19. Qc2 Rad8 20. Ng3 Nd4
21. Nxd4 Qxe1+ 22. Nf1 Rd1
0-1

[Event "Mark it Zero"]
[Site "SchemingMind.com"]
[Date "2009.10.08"]
[Round "-"]
[White "andu"]
[Black "Quaff"]
[Result "1-0"]
[WhiteCountry "AUT"]
[BlackCountry "ENG"]
[WhiteElo "2029"]
[WhiteRD "49"]
[BlackElo "1595"]
[BlackRD "83"]
[GameID "222462"]

1. e4 e5 2. f4 exf4 3. Nf3 g5 4. h4 g4 5. Ne5 g3 6. Nxf7 Qf6 7. Nxh8 Qxh8 8. Qh5+ Kd8 9. Qg5+ Ne7 10. d3 Bg7
11. c3 d6 12. Bxf4 h6 13. Qxg3 Na6 14. d4 b6 15. Bxd6
1-0

[Event "Mark it Zero"]
[Site "SchemingMind.com"]
[Date "2009.10.20"]
[Round "-"]
[White "jl1234"]
[Black "andu"]
[Result "0-1"]
[WhiteCountry "POL"]
[BlackCountry "AUT"]
[WhiteElo "1835"]
[WhiteRD "73"]
[BlackElo "2029"]
[BlackRD "49"]
[GameID "223638"]

1. d4 Nf6 2. Nf3 e6 3. c4 b6 4. e3 Bb7 5. Bd3 Nc6 6. a3 Bd6 7. Bd2 e5 8. Bf5 e4 9. Ng1 g6 10. Bh3 g5
11. Bc3 h5 12. g3 Qe7 13. Ne2 O-O-O 14. d5 Ne5 15. Bxe5 Bxe5 16. Nbc3 h4 17. Bg2 h3 18. Bf1 Kb8 19. Nd4 c5 20. Nf5 Bxc3+
21. bxc3 Qe5 22. Nd4 cxd4 23. cxd4 Qc7 24. Qb3 Rc8 25. Be2 Ka8 26. Qa4 Bxd5
0-1

[Event "Mark it Zero"]
[Site "SchemingMind.com"]
[Date "2009.10.20"]
[Round "-"]
[White "Wojciech"]
[Black "Clive Everill"]
[Result "0-1"]
[WhiteCountry "POL"]
[BlackCountry "CZE"]
[WhiteElo "1705"]
[WhiteRD "103"]
[BlackElo "1669"]
[BlackRD "49"]
[GameID "223639"]

1. d4 f5 2. Nc3 Nf6 3. Bg5 d5 4. Nf3 g6 5. e3 Bg7 6. Bd3 O-O 7. O-O Nbd7 8. Ne5 Nxe5 9. dxe5 Nh5 10. f4 c6
11. Be2 Nxf4 12. exf4 Qb6+ 13. Kh1 Qxb2 14. Qd2 e6 15. Rab1 Qa3 16. Rb3 Qa5 17. Be7 Rf7 18. Bd6 b5 19. a4 Ba6 20. axb5 cxb5
21. Bxb5 Bxb5 22. Rxb5 Qa6 23. Rfb1 h5 24. Rb8+ Rxb8 25. Rxb8+ Rf8 26. Rxf8+ Bxf8 27. Qe2 Qa1+
0-1

[Event "Mark it Zero"]
[Site "SchemingMind.com"]
[Date "2009.10.20"]
[Round "-"]
[White "andu"]
[Black "jl1234"]
[Result "1-0"]
[WhiteCountry "AUT"]
[BlackCountry "POL"]
[WhiteElo "2029"]
[WhiteRD "49"]
[BlackElo "1835"]
[BlackRD "73"]
[GameID "223645"]

1. e4 e5 2. f4 exf4 3. Nf3 d5 4. exd5 Qxd5 5. Nc3 Qc5 6. d4 Qb6 7. Bb5+ Bd7 8. Qe2+ Qe6 9. Bxf4 Qxe2+ 10. Bxe2 c6
11. O-O Bb4 12. Bc4 f6 13. Ne4 Bf5 14. Rae1 Kd8 15. c3 Be7 16. Nd6 Bxd6 17. Bxd6 Nd7 18. Nh4 Bg4 19. h3 Bh5 20. Nf5 Nb6
21. Be6 g5 22. Bf8
1-0

[Event "Mark it Zero"]
[Site "SchemingMind.com"]
[Date "2009.10.20"]
[Round "-"]
[White "Clive Everill"]
[Black "Wojciech"]
[Result "1-0"]
[WhiteCountry "CZE"]
[BlackCountry "POL"]
[WhiteElo "1669"]
[WhiteRD "49"]
[BlackElo "1705"]
[BlackRD "103"]
[GameID "223646"]

1. e4 c5 2. Nf3 Nc6 3. Bb5 d6 4. h3 Nf6 5. Nc3 g6 6. O-O Bg7 7. d4 cxd4 8. Nxd4 Qc7 9. Nxc6 bxc6 10. Bd3 O-O
11. f4 Bb7 12. Be3 c5 13. f5 e5 14. fxe6 fxe6 15. Qd2 Nd7 16. Nb5 Qc6 17. c4 a6 18. Nc3 Ne5 19. b3 Rae8 20. Rxf8+ Rxf8
21. Rf1 Rxf1+ 22. Bxf1 Qc7 23. Qc2 Nc6 24. Nd1 Nd4 25. Qd3 Qa5 26. a4 Qb4 27. Bxd4 cxd4 28. Nf2 Qc3 29. Qd1 Bh6 30. Ng4 Be3+
31. Kh1 Bxe4 32. Nf6+ Kg7 33. Nxe4 Qb4 34. Bd3 a5 35. Ng3 e5 36. Nf1 Bf4 37. g3
1-0

[Event "Mark it Zero"]
[Site "SchemingMind.com"]
[Date "2009.10.27"]
[Round "-"]
[White "palszab"]
[Black "MrPerry"]
[Result "1-0"]
[WhiteCountry "HUN"]
[BlackCountry "USA"]
[WhiteElo "1873"]
[WhiteRD "75"]
[BlackElo "1850"]
[BlackRD "82"]
[GameID "224464"]

1. e4 b6 2. d4 Bb7 3. Bd3 Nf6 4. Nc3 e6 5. Bg5 h6 6. Bh4 Bb4 7. Ne2 g5 8. Bg3 d6 9. a3 Bxc3+ 10. Nxc3 Qe7
11. Qe2 a6 12. h4 Nh7 13. O-O-O Nc6 14. d5 exd5 15. Nxd5 Qd8 16. hxg5 Ne5 17. Bxe5 dxe5 18. gxh6 Bxd5 19. exd5 Qg5+ 20. Kb1
1-0

[Event "Mark it Zero"]
[Site "SchemingMind.com"]
[Date "2009.10.27"]
[Round "-"]
[White "MrPerry"]
[Black "palszab"]
[Result "1-0"]
[WhiteCountry "USA"]
[BlackCountry "HUN"]
[WhiteElo "1850"]
[WhiteRD "82"]
[BlackElo "1873"]
[BlackRD "75"]
[GameID "224473"]

1. b3 e5 2. Bb2 Nc6 3. e3 d5 4. Bb5 Bd6 5. c4 dxc4 6. bxc4 Bd7 7. Nf3 Qe7 8. c5 Bxc5 9. Bxc6 Bxc6 10. Nxe5 Be4
11. Qa4+ c6 12. Qxe4 f6 13. Qf5 fxe5 14. Qxe5 Qxe5 15. Bxe5 Nf6 16. Bxf6 gxf6 17. Nc3 O-O-O 18. Ke2 Rhg8 19. Rad1 Rxg2 20. Ne4 Be7
21. Ng3 h5 22. Kf3 h4 23. Kxg2 hxg3 24. fxg3 b5 25. h4 c5 26. Kf3 c4 27. Ke2 a5 28. Rb1 Rd5 29. Rhc1 Kd7 30. a4
1-0

[Event "Mark it Zero"]
[Site "SchemingMind.com"]
[Date "2009.11.01"]
[Round "-"]
[White "andu"]
[Black "MrPerry"]
[Result "1-0"]
[WhiteCountry "AUT"]
[BlackCountry "USA"]
[WhiteElo "2124"]
[WhiteRD "50"]
[BlackElo "1814"]
[BlackRD "84"]
[GameID "225054"]

1. e4 b6 2. d4 Bb7 3. Bd3 Nf6 4. Nc3 e6 5. Nge2 c5 6. O-O d5 7. exd5 Nxd5 8. Nf4 Nxc3 9. bxc3 Be7 10. Re1 O-O
11. Qg4 f5 12. Qh3 Bc8 13. Qf3 g5 14. Qxa8 gxf4 15. Qxb8 Bd6 16. Qxa7 Rf7 17. Qa8 Qd7 18. Bc4 Re7 19. dxc5 Bxc5 20. Bxf4
1-0

[Event "Mark it Zero"]
[Site "SchemingMind.com"]
[Date "2009.11.01"]
[Round "-"]
[White "MrPerry"]
[Black "andu"]
[Result "0-1"]
[WhiteCountry "USA"]
[BlackCountry "AUT"]
[WhiteElo "1814"]
[WhiteRD "84"]
[BlackElo "2124"]
[BlackRD "50"]
[GameID "225062"]

1. b3 e5 2. Bb2 Nc6 3. e3 g6 4. f4 Bg7 5. Nf3 d6 6. Bb5 Bd7 7. O-O Nh6 8. fxe5 O-O 9. Bxc6 Bxc6 10. Nd4 Bd7
11. Nf3 Re8 12. h3 Nf5 13. Qe1 dxe5 14. e4 Nd4 15. Nxd4 exd4 16. d3 f5 17. Nd2 c5 18. Qd1= Qc7 19. exf5 Bxf5 20. Re1 Re3
21. Rxe3 dxe3 22. Bxg7 Qxg7 23. Nf3 e2 24. Qc1 Re8 25. Ne1 Qd4+ 26. Kh1 Bxh3 27. Nf3 e1=Q+ 28. Nxe1 Re2 29. gxh3 Qf2
0-1

[Event "Mark it Zero"]
[Site "SchemingMind.com"]
[Date "2009.11.22"]
[Round "-"]
[White "Clive Everill"]
[Black "Teagy"]
[Result "1/2-1/2"]
[WhiteCountry "CZE"]
[BlackCountry "ENG"]
[WhiteElo "1672"]
[WhiteRD "49"]
[BlackElo "1845"]
[BlackRD "73"]
[GameID "227660"]

1. c4 e5 2. Nc3 Nc6 3. a3 g6 4. d3 Bg7 5. Bd2 d6 6. g3 f5 7. Bg2 Nf6 8. Nf3 O-O 9. O-O h6 10. Qb3 Rb8
11. Ne1 Be6 12. Qc2 Nd4 13. Qd1 f4 14. e3 fxg3 15. fxg3 Nf5 16. Qc1 Kh7 17. Bh3 c6 18. Nc2 Qd7 19. e4 Nxg3 20. Bxe6 Qxe6
21. hxg3 Qh3 22. Ne3 Qxg3+ 23. Kh1 Qh3+=
1/2-1/2

[Event "Mark it Zero"]
[Site "SchemingMind.com"]
[Date "2009.11.21"]
[Round "-"]
[White "Teagy"]
[Black "Clive Everill"]
[Result "0-1"]
[WhiteCountry "ENG"]
[BlackCountry "CZE"]
[WhiteElo "1824"]
[WhiteRD "78"]
[BlackElo "1709"]
[BlackRD "47"]
[GameID "227668"]

1. f4 d5 2. Nf3 g6 3. g3 c6 4. Bg2 Qb6 5. d3 Nf6 6. e3 Bg7 7. O-O O-O 8. Kh1 Bg4 9. h3 Bd7 10. Nc3 Na6
11. g4 Bxg4 12. hxg4 Nxg4 13. Qe1 Nb4 14. Qe2 f5 15. a3 Na6 16. Nh2 Nh6 17. Nd1 e5 18. Rb1 e4 19. dxe4 dxe4 20. b4 Nc5
21. Bb2 Na4 22. Bxg7 Kxg7 23. Rb3 Qc7 24. c4 Nb6 25. Nf2 Rad8 26. Rd1 Rxd1+ 27. Nxd1 Rd8 28. Rb1 Na4 29. Qc2 Nb6 30. Bf1 Qe7
31. Nf2 Qh4 32. Rd1 Rxd1 33. Nxd1 Ng4 34. Qg2 Nxh2 35. Qxh2 Qe1
0-1

[Event "Mark it Zero"]
[Site "SchemingMind.com"]
[Date "2010.01.04"]
[Round "-"]
[White "Clive Everill"]
[Black "andu"]
[Result "0-1"]
[WhiteCountry "CZE"]
[BlackCountry "AUT"]
[WhiteElo "1709"]
[WhiteRD "47"]
[BlackElo "2184"]
[BlackRD "55"]
[GameID "233394"]

1. e4 c5 2. Nc3 Nc6 3. Bb5 Qc7 4. Nf3 a6 5. Nd5 Qa5 6. Bxc6 dxc6 7. Nf4 c4 8. O-O e5 9. Ne2 Nf6 10. d3 cxd3
11. cxd3 Bg4 12. Nh4 O-O-O 13. f3 Be6 14. Bg5 Qb5 15. d4 exd4 16. Bxf6 gxf6 17. b3 d3 18. Nf4 d2 19. Nxe6 fxe6 20. a4 Qd3
21. Ra2 Bc5+ 22. Rf2 Qb1
0-1

[Event "Mark it Zero"]
[Site "SchemingMind.com"]
[Date "2010.01.04"]
[Round "-"]
[White "andu"]
[Black "Clive Everill"]
[Result "1-0"]
[WhiteCountry "AUT"]
[BlackCountry "CZE"]
[WhiteElo "2184"]
[WhiteRD "55"]
[BlackElo "1709"]
[BlackRD "47"]
[GameID "233401"]

1. e4 d5 2. exd5 Qxd5 3. Nc3 Qa5 4. d4 Nf6 5. Bc4 Nc6 6. Ne2 Bg4 7. f3 Bh5 8. a3 O-O-O 9. Be3 Bxf3 10. gxf3 Qh5
11. Ng3 Qh3 12. Bxf7 e5 13. d5 Qg2 14. Qd3 Qxf3 15. Be6+ Kb8 16. Bxa7+
1-0